Statistics for Largest Countries By Category

Click here to take the quiz!

General Stats

  • This quiz has been taken 48,069 times
    (48,036 since last reset)
  • The average score is 15 of 21

Answer Stats

CategoryCountry% Correct
in the worldRussia
100%
in South AmericaBrazil
100%
in North AmericaCanada
100%
entirely in AsiaChina
94%
in the Middle EastSaudi Arabia
88%
in AfricaAlgeria
86%
entirely on
Caribbean islands
Cuba
85%
entirely in EuropeUkraine
82%
Spanish-speakingArgentina
81%
without land bordersAustralia
80%
in Africa - before 2011Sudan
79%
in Central AmericaNicaragua
74%
landlockedKazakhstan
71%
starting with the letter VVenezuela
67%
landlocked in AfricaChad
66%
landlocked in EuropeBelarus
57%
on the Aegean SeaTurkey
51%
entirely north of 50° NSweden
47%
bordering the Arabian SeaIndia
42%
with a 4 letter nameIran
41%
population < 10 millionLibya
12%

Score Distribution

Percentile by Number Answered

Percent of People with Each Score

Your Score History

You have not taken this quiz since the last reset